| 000 | 00493nam a2200157Ia 4500 | ||
|---|---|---|---|
| 008 | 210716s2011 xx 000 0 und d | ||
| 020 | _a9788120313873 | ||
| 041 | _aeng | ||
| 082 | _a005.758 BLAJ | ||
| 100 | _aBlain, Jonathan;Dodd, Bernard. | ||
| 245 |
_aAdministering SAP r/3: mm-materials management module. _bMm-materials management module. |
||
| 250 | _a1 | ||
| 260 |
_aNew Delhi _bPHI Learning private limited. _c2011 |
||
| 300 | _axxiii,411 | ||
| 650 | _aRelational Databases(005.756) | ||
| 999 |
_c208199 _d208199 |
||